00547nam a2200145Ia 4500003000900000008004100009020002600050040001600076100002800092245009300120260003200213300002000245490003300265856010300298IN-BaIIA211028s9999 xx s 000 0 eng d a9780819464309 (Print) cIIA Library aSchuoecker, Dieter, ed. 0aXVI International Symposium on Gas Flow, Chemical Lasers, and High-Power Lasersh[eBook] aWashington, USAbSPIEc2007 aOnline resource aProceedings of SPIE; V. 6346 uhttps://www.spiedigitallibrary.org/conference-proceedings-of-spie/6346yClick Here to Access eBook